| 000 | 00376nam a2200145Ia 4500 | ||
|---|---|---|---|
| 008 | 240624s9999 xx 000 0 und d | ||
| 041 | _aeng | ||
| 082 | _a658.3 KRA | ||
| 100 | _aKARSAN RUDY | ||
| 245 | _aWE HOW TO INCREASE PERFORMANCE AND PROFI | ||
| 250 | _a11 | ||
| 260 |
_c2011 _aNew Jersey _bJohn Wiley and Sons |
||
| 300 | _axix, : 236 : p. : cm. ; 23 | ||
| 365 |
_c _b27 |
||
| 999 |
_c17655 _d17655 |
||